Objects That are Novels - Statistics

General Stats
  • This quiz has been taken 27 times
  • The average score is 5 of 15
Answers on the Grid
Answers color-coded by a green-red scale on the quiz's grid according to % correct below.
Twilight
Tropic of Cancer
1984
Hatchet
The Plague
13
Divergent
North
Brooklyn
Sunlight
Canada
Grenade
2666
Voyager
Playground
Normandy
Algorithm
Continuity
Architecture
Disco
Browser
Heliosphere
Jacksonville
Chess
Southern Africa
Beatle
Painting
Toilet
Kelvin
Ford F150
 
Answer Stats
Answer % Correct
1984
81%
Divergent
69%
Tropic of Cancer
69%
Twilight
69%
The Plague
44%
Hatchet
25%
Sunlight
25%
13
19%
Brooklyn
19%
Voyager
19%
2666
13%
Playground
13%
North
6%
Canada
0%
Grenade
0%
No matching quizzes found
Score Distribution
Percent of People with Each Score
Percentile by Number Answered
Your Score History
You have not taken this quiz